| 000 | 01072nam a2200277 u 4500 | ||
|---|---|---|---|
| 001 | 000002710 | ||
| 003 | DO-SdBNP | ||
| 005 | 20240307073943.0 | ||
| 007 | ta | ||
| 008 | 090703s2022 dr a 000 0 spa d | ||
| 020 | _a9789945927474 | ||
| 040 |
_aDO-SdBNP _bspa _cBNPHU |
||
| 082 |
_a305.42 _bM671d, 2022 _222 |
||
| 111 |
_aConferencia de Estudios de género _c(Santo Domingo, República Dominicana) _d(10a : 2020) _983037 |
||
| 245 | 0 | 0 |
_aMiradas desencadenantes : _bcontrucción de conocimientos para la igualdad con énfasis en derechos sexuales y derechos reproductivos |
| 260 |
_aSanto Domingo : _bINTEC, _c2022. |
||
| 300 |
_a465 p. ; _c25 cm. |
||
| 500 | _a. | ||
| 590 | _aInventariado, 2023 / DG | ||
| 650 | 4 |
_aFeminismo _xInvestigaciones _xCongresos, conferencias, etc. _98556 |
|
| 650 | 4 |
_aMujeres en república dominicana _xCongresos, conferencias, etc. _98557 |
|
| 650 | 4 |
_aDerechos de la mujer _zRepública Dominicana _xCongresos, conferencias, etc. _98558 |
|
| 710 | 2 |
_aInstituto Tecnológico de Santo Domingo _978911 |
|
| 910 | _aDG | ||
| 942 |
_2ddc _cLBS1 |
||
| 999 |
_c53110 _d53110 |
||